Score 0/25 Timer 04:00
1 Play Today
Clue 5-Letter Word % Correct
Wed a couple togetherMARRY
96.1%
Mr. Potter of HogwartsHARRY
95.8%
Winter-Spring monthMARCH
94.3%
Symbol of ChristCROSS
93.5%
Shut a doorCLOSE
93.1%
Run afterCHASE
92.9%
SelectedCHOSE
92.4%
♥ Jellybeans, for example ♥♥ CANDY ♥
92.3%
Black birdsCROWS
92.1%
Actor RussellCROWE
89.5%
_____ and desistCEASE
87.9%
Dog-walking needLEASH
87.3%
Lend a carLEASE
86.9%
Clue 5-Letter Word % Correct
Resistant or robust, as a plantHARDY
86.8%
Easily availableHANDY
86.6%
Sex and Candy band '___ Playground'MARCY
85.2%
Stop working, as a computer programCRASH
82.3%
Dry excessivelyPARCH
81.1%
Coarse or rudeCRASS
80.8%
ReplicaCLONE
80.4%
♥ A carbonated beverage (usually Orange) ♥♥ CRUSH ♥
79.8%
Land, as a birdPERCH
79.4%
HagCRONE
77.4%
This princess in another castlePEACH
69.1%
Dissolve by percolationLEACH
68.2%

Today's Daily Dose

Remove Ads.
Support Sporcle.
Get the best of Sporcle when you Go Orange. This ad-free experience offers more features, more stats, and more fun while also helping to support Sporcle. Thank you for becoming a member.

You're not logged in!

Compare scores with friends on all Sporcle quizzes.
OR
Log In

Show Comments

Extras

Top Quizzes Today


Score Distribution

Your Account Isn't Verified!

In order to create a playlist on Sporcle, you need to verify the email address you used during registration. Go to your Sporcle Settings to finish the process.

Report this User

Report this user for behavior that violates our Community Guidelines.

Details: